Statistiques concernant 📖 150premiers mots"Terminus Malaussène"(Le cas Malaussène,2) Pennac

Cliquez ici pour prendre le quiz!

Statistiques générales

  • Ce quiz a Ă©tĂ© pris 3 fois
  • Le rĂ©sultat moyen est 90 sur 150

Statistiques - réponses

Mots% Correct
as
100%
au
100%
-C'
100%
C'
100%
c'
100%
ce
100%
comme
100%
de
100%
est-
100%
est
100%
et
100%
Il
100%
il
100%
l'
100%
la
100%
le
100%
les
100%
pas
100%
Pas
100%
Pépère
100%
s'
100%
sa
100%
se
100%
ses
100%
si
100%
te
100%
-Un
100%
une
100%
-Une
100%
aussi.
67%
autres
67%
avec
67%
Avec
67%
bien
67%
-Ça
67%
chaque
67%
choses.
67%
Comment
67%
comment
67%
fait
67%
faut ?
67%
fois
67%
jamais ;
67%
lui.
67%
on
67%
On
67%
par
67%
parle
67%
parle.
67%
passé
67%
petit.
67%
petit
67%
peut-
67%
qu'
67%
qu' ...
67%
que
67%
seulement
67%
son
67%
sur
67%
ta
67%
tĂŞte
67%
ton
67%
Toujours,
67%
tous
67%
tout
67%
tu
67%
voulais ?
67%
vrai,
67%
vrai ?
67%
-Alors,
33%
Après
33%
après
33%
cette
33%
Enfin,
33%
gentille,
33%
KĂ©bir,
33%
KĂ©bir ?
33%
moins.
33%
mon
33%
peux
33%
plus
33%
pose
33%
possible ?
33%
question
33%
tromper.
33%
Vraiment
33%
carré,
0%
cartable
0%
chambre
0%
claire.
0%
douce,
0%
exemple ;
0%
explique.
0%
explique
0%
faire
0%
fais
0%
gentiment :
0%
important
0%
juste.
0%
lit
0%
lit,
0%
main
0%
ménage ?
0%
ménage,
0%
penses
0%
peur ?
0%
rangée,
0%
répète
0%
sourire
0%
traite
0%
vieille
0%
voix.
0%
voix
0%
yeux,
0%

Distribution des résultats

Percentile par nombre de réponses

% des personnes avec chaque résultat

Votre développement - résultats

Vous n’avez pas pris ce quiz